00293nam a2200109Ia 4500008004100000041000800041082002600049100001400075245004800089260003700137300000900174230411s9999 xx 000 0 und d aeng aF/610.7304/CLE/B07341 aClement I aTextbook on First Aid and Emergency Nursing bJaypee BrothersaNew Delhic2012 a514p